[Event "Europe Echecs online op April"]
[Site "Europe Echecs INT"]
[Date "2020.04.11"]
[Round "7"]
[White "Fines, Adrien"]
[Black "Lafont, Maxime"]
[Result "1-0"]
[WhiteElo "1758"]
[BlackElo "1646"]
[PlyCount "51"]
[EventDate "2020.04.11"]
[EventType "swiss (blitz)"]
[EventRounds "11"]
[EventCountry "FRA"]
[SourceTitle "EXT 2021"]
[Source "ChessBase"]
[SourceDate "2020.10.23"]
[SourceVersion "1"]
[SourceVersionDate "2020.10.23"]
[SourceQuality "1"]

1. c4 Nf6 2. g3 g6 3. Bg2 Bg7 4. Nc3 0-0 5. e4 d6 6. Nge2 e5 7. 0-0 Nc6 8. d3 Nh5 9. Be3 f5 10. Qd2 Nf6 11. Bg5 a6 12. Nd5 Ne7 13. f4 h6 14. Nxf6+ Bxf6 15. Bxh6 Rf7 16. fxe5 dxe5 17. Nc3 Kh7 18. Nd5 Nxd5 19. cxd5 Qd6 20. Rac1 Bd7 21. Bh3 f4 22. Bxd7 Qxd7 23. gxf4 Qg4+ 24. Kh1 Qh5 25. fxe5 Qxh2+ 26. Qxh2 1-0